Detalles MARC
| 000 -Líder |
| campo de control de longitud fija |
01138 a2200337 4500 |
| 005 - Fecha y Hora de Actualización |
| campo de control |
20240809124949.0 |
| 035 ## - Número de Control del Sistema |
| Número de control de sistema |
3492 |
| 040 ## - Fuente de Catalogación |
| Centro catalogador/agencia de origen |
Uniagraria |
| Lengua de catalogación |
Español |
| Normas de descripción |
rda |
| 100 1# - Entrada Principal -- Nombre de Persona |
| Nombre de persona |
Velez Restrepo, Adolfo |
| 245 10 - Título Propiamente Dicho |
| Título |
Guias en parasitologia veterinaria |
| 250 ## - Edición |
| Mención de edición |
2a. ed. |
| 264 ## - Producción, Publicación, Distribución, Fabricación y Copyright |
| Producción, publicación, distribución, fabricación y copyright |
Medellin : |
| Nombre del de productor, editor, distribuidor, fabricante |
Exitodinamica, |
| Fecha de producción, publicación, distribución, fabricación o copyright |
1995 |
| 300 ## - Descripción Física |
| Extensión |
471 páginas |
| 336 ## - Tipo de Contenido |
| Término de tipo de contenido |
texto |
| Código de tipo de contenido |
texto |
| Fuente |
rdacontent |
| 337 ## - Tipo de Medio |
| Nombre/término del tipo de medio |
no mediado |
| Código del tipo de medio |
no mediado |
| Fuente |
rdamedia |
| 338 ## - Tipo de Portador |
| Nombre/término del tipo de soporte |
volumen |
| Código del tipo de soporte |
volumen |
| Fuente |
rdacarrier |
| 340 ## - Medio físico |
| Base y configuración del material |
Papel |
| 505 0# - Nota de Contenido |
| Nota de contenido con formato |
Generalidades de los artropodos, cap. 5 |
| 505 0# - Nota de Contenido |
| Nota de contenido con formato |
Generalidades de los helmintos, cap. 4 |
| 505 0# - Nota de Contenido |
| Nota de contenido con formato |
Generalidades de los protozoarios, cap. 6 |
| 505 0# - Nota de Contenido |
| Nota de contenido con formato |
Generalidades en parasitologia, cap. 1 |
| 505 0# - Nota de Contenido |
| Nota de contenido con formato |
La coprologia y otras tecnicas de diagnostico, cap. 2 |
| 505 0# - Nota de Contenido |
| Nota de contenido con formato |
Manejo y conservacion del equipo y material de laboratorio, cap. 7 |
| 505 0# - Nota de Contenido |
| Nota de contenido con formato |
Tecnicas de necropsias (autopsias) y toma de muestras, cap.3 |
| 082 04 - Número de Clasificación Decimal Dewey |
| Número de clasificación |
616.96 / V353 |
| 650 #4 - Punto de Acceso Adicional -- Materia general |
| Término de materia o nombre geográfico como elemento de entrada |
Parasitologia veterinaria |
| 650 #4 - Punto de Acceso Adicional -- Materia general |
| Término de materia o nombre geográfico como elemento de entrada |
Parasitos |
| 650 #4 - Punto de Acceso Adicional -- Materia general |
| Término de materia o nombre geográfico como elemento de entrada |
Parasitos de animales domesticos |